<?xml version="1.0" encoding="UTF-8"?>
<record
    xmlns:xsi="http://www.w3.org/2001/XMLSchema-instance"
    xsi:schemaLocation="http://www.loc.gov/MARC21/slim http://www.loc.gov/standards/marcxml/schema/MARC21slim.xsd"
    xmlns="http://www.loc.gov/MARC21/slim">

  <leader>03543nam a2200541Ia 4500</leader>
  <controlfield tag="001">538</controlfield>
  <controlfield tag="008">241029s9999    xx            000 0 und d</controlfield>
  <datafield tag="010" ind1=" " ind2=" ">
    <subfield code="a">488</subfield>
  </datafield>
  <datafield tag="041" ind1=" " ind2=" ">
    <subfield code="a">Espa&#xF1;ol</subfield>
  </datafield>
  <datafield tag="082" ind1=" " ind2=" ">
    <subfield code="a">NO APLICA</subfield>
  </datafield>
  <datafield tag="245" ind1=" " ind2="0">
    <subfield code="a">Absentismo del discente de la Facultad de Ciencias de la Educaci&#xF3;n, Universidad Aut&#xF3;noma de Santo Domingo, semestre Enero-Junio 2013.</subfield>
  </datafield>
  <datafield tag="260" ind1=" " ind2=" ">
    <subfield code="a">Santo Domingo</subfield>
  </datafield>
  <datafield tag="300" ind1=" " ind2=" ">
    <subfield code="a">127</subfield>
  </datafield>
  <datafield tag="520" ind1=" " ind2=" ">
    <subfield code="a">9</subfield>
  </datafield>
  <datafield tag="630" ind1=" " ind2=" ">
    <subfield code="a">Ausentismo</subfield>
  </datafield>
  <datafield tag="630" ind1=" " ind2=" ">
    <subfield code="a">Docentes</subfield>
  </datafield>
  <datafield tag="630" ind1=" " ind2=" ">
    <subfield code="a">Educaci&#xF3;n</subfield>
  </datafield>
  <datafield tag="650" ind1=" " ind2=" ">
    <subfield code="a">Ense&#xF1;anza</subfield>
  </datafield>
  <datafield tag="690" ind1=" " ind2=" ">
    <subfield code="a">Elaborado</subfield>
  </datafield>
  <datafield tag="700" ind1=" " ind2=" ">
    <subfield code="e">asesor</subfield>
    <subfield code="a">Garrido , Alba </subfield>
  </datafield>
  <datafield tag="700" ind1=" " ind2=" ">
    <subfield code="e">autor</subfield>
    <subfield code="a">M&#xE9;ndez S&#xE1;nchez , Josefina del Carmen </subfield>
  </datafield>
  <datafield tag="901" ind1=" " ind2=" ">
    <subfield code="a">{"1":"M&#xE9;ndez S&#xE1;nchez "}</subfield>
    <subfield code="b">{"1":"Josefina del Carmen "}</subfield>
  </datafield>
  <datafield tag="902" ind1=" " ind2=" ">
    <subfield code="a">1</subfield>
  </datafield>
  <datafield tag="903" ind1=" " ind2=" ">
    <subfield code="a">{"1":"Garrido "}</subfield>
    <subfield code="b">{"1":"Alba "}</subfield>
  </datafield>
  <datafield tag="904" ind1=" " ind2=" ">
    <subfield code="a">Maestr&#xED;a en</subfield>
  </datafield>
  <datafield tag="905" ind1=" " ind2=" ">
    <subfield code="a">Ense&#xF1;anza Superior</subfield>
  </datafield>
  <datafield tag="906" ind1=" " ind2=" ">
    <subfield code="a">2</subfield>
  </datafield>
  <datafield tag="907" ind1=" " ind2=" ">
    <subfield code="a">NO APLICA</subfield>
  </datafield>
  <datafield tag="908" ind1=" " ind2=" ">
    <subfield code="a">NO APLICA</subfield>
  </datafield>
  <datafield tag="909" ind1=" " ind2=" ">
    <subfield code="a">Universidad Aut&#xF3;noma de Santo Domingo (UASD)</subfield>
  </datafield>
  <datafield tag="910" ind1=" " ind2=" ">
    <subfield code="a">NULL</subfield>
    <subfield code="b">NULL</subfield>
  </datafield>
  <datafield tag="911" ind1=" " ind2=" ">
    <subfield code="a">["1"]</subfield>
  </datafield>
  <datafield tag="912" ind1=" " ind2=" ">
    <subfield code="a">NO APLICA</subfield>
  </datafield>
  <datafield tag="913" ind1=" " ind2=" ">
    <subfield code="a">NULL</subfield>
  </datafield>
  <datafield tag="914" ind1=" " ind2=" ">
    <subfield code="a">02 de Diciembre de 2013</subfield>
  </datafield>
  <datafield tag="915" ind1=" " ind2=" ">
    <subfield code="a">-693625</subfield>
  </datafield>
  <datafield tag="916" ind1=" " ind2=" ">
    <subfield code="a">NULL</subfield>
  </datafield>
  <datafield tag="917" ind1=" " ind2=" ">
    <subfield code="a">NULL</subfield>
  </datafield>
  <datafield tag="918" ind1=" " ind2=" ">
    <subfield code="a">NO APLICA</subfield>
  </datafield>
  <datafield tag="919" ind1=" " ind2=" ">
    <subfield code="a">["24","70","72"]</subfield>
  </datafield>
  <datafield tag="520" ind1=" " ind2=" ">
    <subfield code="a">Los principales objetivos del estudio consistieron en analizar el absentismo del discente de la Facultad de Ciencias de la Educaci&#xF3;n, Universidad Aut&#xF3;noma de Santo Domingo, semestre enero-junio 2013. Determinar las diferentes situaciones en la Facultad de Ciencias de la Educaci&#xF3;n&#xA0;de la&#xA0;UASD que afecta al discente y promueve el absentismo y establecer c&#xF3;mo afecta en esta relaci&#xF3;n a la facultad y a la academia la ausencia del discente. La metodolog&#xED;a utilizada tuvo un enfoque anal&#xED;tico-deductivo y es de car&#xE1;cter descriptivo y como t&#xE9;cnicas se utiliz&#xF3; fue la recolecci&#xF3;n de datos, el cuestionario y la encuesta.Se trabaj&#xF3; con una poblaci&#xF3;n compuesta por cuatro mil trescientos treinta y seis (4,336) estudiantes de la&#xA0;Facultad de Ciencias de la Educaci&#xF3;n&#xA0;de la Sede Central y como muestra se tomaron trescientos cincuenta y seis &#xA0;(356) estudiantes.&#xA0;El estudio concluy&#xF3; que el absentismo escolar generalmente va asociado a un bajo rendimiento, con &#xED;ndice acad&#xE9;mico regular de un 50% y a importantes dificultades del discente para seguir de forma ordinario el ritmo de clase, que absentismo en los discentes los afect&#xF3;&#xA0;emocionalmente y social, ya que le crea preocupaci&#xF3;n por las tareas, que las personas nunca se juntan con sus compa&#xF1;eros y esta falta de comunicaci&#xF3;n pueden ser simult&#xE1;neamente causa y efecto del absentismo escolar, que las diferentes situaciones que afecta al discente y promueven el absentismo en los estudiantes son: la poca orientaci&#xF3;n vocacional, la disponibilidad del tiempo para realizar las tareas, la calidad de los servicios que ofrece la universidad las condiciones de las aulas problemas familiares y motivaci&#xF3;n.El estudio recomend&#xF3; que se debe realizar un programa de formaci&#xF3;n continua del profesorado adaptado a las carencias detectado en su pr&#xE1;ctica docente as&#xED; para que puedan recitar los conocimientos adquiridos, establecer unas tutor&#xED;as y encuentros peri&#xF3;dicos con el profesorado, realizar un proceso de motivaci&#xF3;n y concienciaci&#xF3;n de los discentes a trav&#xE9;s de diferentes din&#xE1;micas atractivas para ellos y realizar una campa&#xF1;a de revisi&#xF3;n de los recursos y materiales educativos.</subfield>
  </datafield>
  <datafield tag="921" ind1=" " ind2=" ">
    <subfield code="a">16</subfield>
  </datafield>
  <datafield tag="922" ind1=" " ind2=" ">
    <subfield code="a">16</subfield>
  </datafield>
  <datafield tag="923" ind1=" " ind2=" ">
    <subfield code="a">0</subfield>
  </datafield>
  <datafield tag="924" ind1=" " ind2=" ">
    <subfield code="a">NO APLICA</subfield>
  </datafield>
  <datafield tag="942" ind1=" " ind2=" ">
    <subfield code="c">Tesis</subfield>
  </datafield>
  <datafield tag="999" ind1=" " ind2=" ">
    <subfield code="c">488</subfield>
    <subfield code="d">488</subfield>
  </datafield>
</record>
